[Event "EU-ch Online U16 Girls"]
[Site "Tornelo INT"]
[Date "2020.09.20"]
[Round "7"]
[White "Navez, Alice"]
[Black "Kongskov, Andrea"]
[Result "0-1"]
[WhiteElo "1237"]
[BlackElo "1608"]
[PlyCount "130"]
[EventDate "2020.09.18"]
[EventType "swiss (rapid)"]
[EventRounds "9"]
[EventCountry "NET"]
[SourceTitle "EXT 2023"]
[Source "ChessBase"]
[SourceDate "2022.10.05"]
[SourceVersion "1"]
[SourceVersionDate "2022.10.05"]
[SourceQuality "1"]
[WhiteTeam "Belgien"]
[BlackTeam "Denmark"]
[WhiteTeamCountry "BEL"]
[BlackTeamCountry "DEN"]

1. c4 e5 2. Nc3 Nf6 3. g3 Nc6 4. Bg2 g6 5. Nf3 Bg7 6. 0-0 0-0 7. b3 d6 8. Bb2 Bg4 9. h3 Be6 10. e3 Qd7 11. Ng5 Rab8 12. d4 exd4 13. exd4 d5 14. Nxe6 fxe6 15. cxd5 exd5 16. Re1 Rbe8 17. Qd2 a6 18. Ba3 Rf7 19. Rxe8+ Qxe8 20. Nxd5 Ne4 21. Qe3 Bxd4 22. Qxe4 Qxe4 23. Bxe4 Bxa1 24. Bc5 Bd4 25. Bxd4 Nxd4 26. Nf4 c6 27. Kg2 Re7 28. Bd3 Kg7 29. h4 Re1 30. b4 Kf6 31. f3 Ra1 32. Kf2 Rxa2+ 33. Ke3 Nf5+ 34. Bxf5 Kxf5 35. g4+ Kf6 36. Nd3 b6 37. Kf4 h6 38. g5+ hxg5+ 39. hxg5+ Ke6 40. Ne5 Rb2 41. Nxg6 Rxb4+ 42. Kg3 Kf5 43. Ne7+ Kxg5 44. Nxc6 Rc4 45. Ne5 Rc1 46. Nd3 Rc3 47. Nb4 a5 48. Nd5 Rb3 49. Kf2 b5 50. Ne3 a4 51. Ng2 Rb2+ 52. Kg3 Rxg2+ 53. Kxg2 a3 54. Kf2 a2 55. Ke3 a1Q 56. Ke4 Qa4+ 57. Ke3 Kf5 58. Kf2 Qf4 59. Ke2 b4 60. Kd3 Qxf3+ 61. Kc2 Qc3+ 62. Kd1 Qb2 63. Ke1 Kf4 64. Kf1 Kf3 65. Kg1 Qg2# 0-1

[Event "EU-ch Online U16 Girls"]
[Site "Tornelo INT"]
[Date "2020.09.20"]
[Round "9"]
[White "Truskavetska, Solomia"]
[Black "Navez, Alice"]
[Result "1-0"]
[WhiteElo "1290"]
[BlackElo "1237"]
[PlyCount "49"]
[EventDate "2020.09.18"]
[EventType "swiss (rapid)"]
[EventRounds "9"]
[EventCountry "NET"]
[SourceTitle "EXT 2023"]
[Source "ChessBase"]
[SourceDate "2022.10.05"]
[SourceVersion "1"]
[SourceVersionDate "2022.10.05"]
[SourceQuality "1"]
[WhiteTeam "Sweden"]
[BlackTeam "Belgien"]
[WhiteTeamCountry "SWE"]
[BlackTeamCountry "BEL"]

1. e4 e6 2. d4 d5 3. e5 c5 4. Nf3 a6 5. c3 Bd7 6. a3 Nc6 7. Bd3 Qc7 8. 0-0 c4 9. Bc2 Nge7 10. Bf4 Ng6 11. Bg3 Be7 12. Nbd2 0-0 13. h4 Bd8 14. Qb1 h5 15. Bxg6 fxg6 16. Qxg6 Be8 17. Qxe6+ Bf7 18. Qd6 Qc8 19. e6 Bxe6 20. Bh2 Ne7 21. Ng5 Bd7 22. Rfe1 Re8 23. Re2 Nf5 24. Qxd5+ Kf8 25. Qf7# 1-0